Les poissonneries dans les 10 plus grandes villes de France - Statistiques

Statistiques générales
  • Ce quiz a été pris 10 fois
  • Le résultat moyen est 6 sur 10
Statistiques - réponses
Rang Nombre de poissonneries 1 pour ... habitants Commune % Correct
5 43 20 302 Marseille
78%
2 14 17 857 Bordeaux
67%
1 19 15 963 Montpellier
67%
4 17 20 159 Nice
67%
3 108 19 870 Paris
67%
9 12 44 750 Lyon
56%
10 0 0 Strasbourg
56%
6 21 23 976 Toulouse
56%
8 6 39 450 Lille
44%
7 9 36 050 Nantes
44%
Aucun quiz correspondant
Distribution des résultats
% des personnes avec chaque résultat
Percentile par nombre de réponses
Votre historique - résultats
Vous n’avez pas pris ce quiz